Treatise On Dynamics Of Particle, 6th Edn (Record no. 4453)

MARC details
000 -LEADER
fixed length control field 00433nam a2200145Ia 4500
008 - FIXED-LENGTH DATA ELEMENTS--GENERAL INFORMATION
fixed length control field 211109s9999||||xx |||||||||||||| ||und||
082 ## - DEWEY DECIMAL CLASSIFICATION NUMBER
Classification number 531.1
Item number TAI-T
100 ## - MAIN ENTRY--PERSONAL NAME
Personal name Tait, Peterg, S William John,
245 #0 - TITLE STATEMENT
Title Treatise On Dynamics Of Particle, 6th Edn
260 ## - PUBLICATION, DISTRIBUTION, ETC.
Name of publisher, distributor, etc. Macmillan and Co., Limited
Place of publication, distribution, etc. Kingston
Date of publication, distribution, etc. 1989
300 ## - PHYSICAL DESCRIPTION
Extent 412p.
630 ## - SUBJECT ADDED ENTRY--UNIFORM TITLE
General subdivision General Stack
650 ## - SUBJECT ADDED ENTRY--TOPICAL TERM
Topical term or geographic name entry element CLASSICAL MECHANISM;SOLID MECHANISM
942 ## - ADDED ENTRY ELEMENTS (KOHA)
Koha item type BOOK
650 ## - SUBJECT ADDED ENTRY--TOPICAL TERM
General subdivision Physics
Holdings
Withdrawn status Lost status Damaged status Not for loan Home library Current library Date acquired Cost, normal purchase price Total Checkouts Full call number Barcode Shelving location Date last seen Price effective from Koha item type
        SB LIBRARY SB LIBRARY 09/11/2021 100.00   531.1 TAI-T 00004903 GENERAL STACK 09/11/2021 09/11/2021 BOOK

Powered by Koha